000 00777cab a2200229 4500
001 ABS56685
008 090401t1997 xxu||||| |||| 00| 0 eng d
035 _a(Sirsi) u77131
041 _aeng
100 _aWhitmore, J.
245 _aFund management: a grabby business
260 _c1997
350 _a0
490 _aProperty Week
_v58(8) 28 February 1997, 29-36(6)
520 _aSpecial feature on fund management. Outlines the leaders in the sector and asks whether surveying firms will be able to keep up in this fast developing field.
650 _aFUND MANAGEMENT
650 _aPROPERTY FUND MANAGEMENT
650 _aSURVEYING FIRMS
690 _aPROPERTY-COMMERCIAL PROPERTY-COMMERCIAL PROPERTY FINANCE AND INVESTMENT
942 _n0
948 _c17/03/1997
999 _c48482
_d48482